000
00322nam a2200121Ia 4500
008
220216s9999 xx 000 0 und d
100
_a
Sethuraj M.R.
245
0
_a
Modern trends in tapping: Certain general guidelines
260
_b
Rubber Board Bulletin
_c
1989
300
_a
2
650
_a
Tapping guideline
942
_c
BS
999
_c
50442
_d
50442